HANDBOOK OF TROPICAL LEGUME CULTIVATION. (Record no. 21349)
[ view plain ]
| 000 -LEADER | |
|---|---|
| fixed length control field | 00228nam a22000977a 4500 |
| 040 ## - CATALOGING SOURCE | |
| Transcribing agency | AIC |
| 082 ## - DEWEY DECIMAL CLASSIFICATION NUMBER | |
| Classification number | AIC MAR 1995 C227 Or. |
| 245 ## - TITLE STATEMENT | |
| Title | HANDBOOK OF TROPICAL LEGUME CULTIVATION. |
| 260 ## - PUBLICATION, DISTRIBUTION, ETC. (IMPRINT) | |
| Place of publication | phnom penh |
| Name of publisher | rua |
| Year of publication | 1995 |
| 942 ## - ADDED ENTRY ELEMENTS (KOHA) | |
| Koha item type | សៀវភៅភាសាអង់គ្លេស |
| 952 ## - LOCATION AND ITEM INFORMATION (KOHA) | |
| Withdrawn status [LOCAL, KOHA] | 0 |
| Permanent Location | Date acquired | Koha item type | Lost status | Shelving location | Barcode | Current Location | Full call number |
|---|---|---|---|---|---|---|---|
| Library Block C | 2023-05-17 | សៀវភៅភាសាអង់គ្លេស | C227 | A071563 | Library Block C | AIC MAR 1995 C227 Or. |